| 000 | 00382cam a22001217a 4500 | ||
|---|---|---|---|
| 008 | 180718b1989 xxu||||| |||| 00| 0 eng d | ||
| 082 | _aA99 W413 R137 | ||
| 100 | _aRakesh, V.P. | ||
| 245 |
_aSri William Wedderburn and Indian freedom movement _cby V.P. Rakesh |
||
| 260 |
_aDelhi _bCommonwealth _c1989 |
||
| 300 | _a204p. | ||
| 650 | _aWedderburn, William - Criticism and interpretation | ||
| 999 |
_c352047 _d352047 |
||